Southville International School and Colleges
Your cart is empty.
  • Cart
  • Lists
    Public lists Eva Luna New books Lux_list list_1
    Your lists Log in to create your own lists
  • Log in to your account
  • Your cookies
  • Search history
Southville International School and Colleges
  • Advanced search
  • Recent comments
  • Most popular
  • Libraries

Log in to your account

Log in with GOOGLE


If you do not have an external account, but do have a local account, you can still log in:

  1. Home
  2. MARC view: Worried Arthur: the birthday party /
Normal view MARC view ISBD view

Worried Arthur: the birthday party / (Record no. 102506)

[ view plain ]
MARC details
000 -LEADER
fixed length control field 00641nam a2200181 a 4500
005 - DATE AND TIME OF LATEST TRANSACTION
control field 20140412111237.0
008 - FIXED-LENGTH DATA ELEMENTS--GENERAL INFORMATION
fixed length control field 010710s19uu xx 00 eng d
020 ## - INTERNATIONAL STANDARD BOOK NUMBER
International Standard Book Number 0-7214-9656-3
050 ## - LIBRARY OF CONGRESS CALL NUMBER
Classification number TR(PS E
Item number Wo89 1995
100 ## - MAIN ENTRY--PERSONAL NAME
Personal name Stimson, Joan
245 ## - TITLE STATEMENT
Title Worried Arthur: the birthday party /
Statement of responsibility, etc written by Joan Stimson; illustrated by Jan Lewis.
260 ## - PUBLICATION, DISTRIBUTION, ETC. (IMPRINT)
Place of publication, distribution, etc Leicestershire, UK :
Name of publisher, distributor, etc Ladybird Books Ltd,
Date of publication, distribution, etc 1995.
300 ## - PHYSICAL DESCRIPTION
Extent 1v. (unp.) ; ill.
520 ## - SUMMARY, ETC.
Summary, etc Arthur is a penguin and a worrier. One morning he wakes up feeling excited and worried all at once.
650 ## - SUBJECT ADDED ENTRY--TOPICAL TERM
Topical term or geographic name as entry element Parties-Fiction
650 ## - SUBJECT ADDED ENTRY--TOPICAL TERM
Topical term or geographic name as entry element Parties-Stories
Holdings
Withdrawn status Lost status Damaged status Use restrictions Home library Current library Shelving location Date acquired Source of acquisition Total Checkouts Full call number Barcode Date last seen Price effective from Koha item type
        Elizalde Library Elizalde Library Teachers Reference Section 07/10/2001     TR(PS E Wo89 1995 E1917 04/12/2014 04/12/2014 Books

Worried Arthur: the birthday party /

APA

Stimson J., . (1995). Worried Arthur: the birthday party. Leicestershire, UK: Ladybird Books Ltd.

Chicago

Stimson Joan, . 1995. Worried Arthur: the birthday party. Leicestershire, UK: Ladybird Books Ltd.

Harvard

Stimson J., . (1995). Worried Arthur: the birthday party. Leicestershire, UK: Ladybird Books Ltd.

MLA

Stimson Joan, . Worried Arthur: the birthday party. Leicestershire, UK: Ladybird Books Ltd. 1995.

  • Place hold
  • Print
  • Cite
  • Add to your cart (remove)
  • Save record
    BIBTEX Dublin Core MARCXML MARC (non-Unicode/MARC-8) MARC (Unicode/UTF-8) MARC (Unicode/UTF-8, Standard) MODS (XML) RIS
  • More searches
    Search for this title in:
    Other Libraries (WorldCat) Other Databases (Google Scholar) Online Stores (Bookfinder.com) Open Library (openlibrary.org)

Exporting to Dublin Core...

SOUTHVILLE LIBRARY

Southville International School and Colleges Library

1281 Tropical Ave. Cor. Luxembourg St., BF Homes International, Las Pinas City

Tel. No. 8256374 / 252358 Loc. 117/146

Powered by Koha